Normal view
MARC view
Entry Personal Name
001 - CONTROL NUMBER
- control field: 1237513
003 - CONTROL NUMBER IDENTIFIER
- control field: OSt
005 - DATE AND TIME OF LATEST TRANSACTION
- control field: 20260430150435.0
008 - FIXED-LENGTH DATA ELEMENTS
- fixed length control field: 260430|| aca||aabn | a|a d
040 ## - CATALOGING SOURCE
- Original cataloging agency: OSt
- Transcribing agency: OSt
100 ## - HEADING--PERSONAL NAME
- Personal name: Wani Insha Ahad Au.; Agarwal Megha Gu
670 ## - SOURCE DATA FOUND
- Source citation: Work cat.: (OSt)1849785: Wani Insha Ahad Au.; Agarwal Megha Gu., Deconstructing the Role of Microfinance in Empowerment of Women: An Empirical Investigation of Jammu & Kashmir, 2023
